000 01115nam a2200301 i 4500
003 DO-SdBNP
005 20260531002142.0
006 a||||gr|||| 00| 0
007 ta
008 230419t2010 dr a|||er|||| 000 pdspa d
020 _a9789945003451
040 _aDO-SdBNP
_bspa
_cBNPHU
_erda
041 _aspa
082 4 _aRD861.44
_bG633a
_223
245 1 0 _aAl despuntar el alba /
_cEsteban Gómez; diseño y diagramación, Rafael Montes de Oca; Edición al cuidado de Carmen Pérez Valerio.
264 3 3 _aSanto Domingo :
_bAmigo del Hogar,
_c2010
300 _a93 páginas :
_bIlustraciones, fotos ;
_c19 cm
336 _atexto
_btxt
_2rdacontent
337 _asin mediación
_bn
_2rdamedia
338 _avolumen
_bnc
_2rdacarrier
500 _aLos fondos de este libro están destinados a la FundaciónEG para cubrir estudios a jóvenes de escasos recursos económicos.
590 _aInventariado 2023 / MF
650 _aPoesía dominicana
650 _aLiteratura dominicana
700 1 _aMontes de Oca, Rafael,
_ediseñador
_983289
700 1 _924605
_aPérez Valerio, Carmen,
_eeditor
942 _2ddc
_cLBS1
999 _c53311
_d53311